00384 2200157 4500001002100000005001500021035002000036245005200056100002300108300001200131260003100143082000800174084001400182020001800196990001200214INLIS00000000000175620250505025449 a0010-05250000481 aEmpat Cinta Menatap Opera /cZheitta Vazza Devi0 aZheitta Vazza Devi a249 hlm aJakarta :bGrasindo,c2006 a813 a813 ZHE e a979-759-396-7 a0754611